| 000 | 00545cam a22001577a 4500 | ||
|---|---|---|---|
| 008 | 180718b2012 xxu||||| |||| 00| 0 eng d | ||
| 020 | _a9780198080381 | ||
| 082 | _aJ7x5444 P281 | ||
| 100 | _aPaul, Samuel | ||
| 245 |
_aState of our cities : evidence from Karnataka _cby Samuel Paul, Kala Seetharam Sridhar, A. Venugopala Reddy |
||
| 260 |
_aNew Delhi _bOxford _c2012 |
||
| 300 | _a297p. | ||
| 650 | _aKarnataka (India) -- Economic conditions | ||
| 650 | _aUrbanization -- India -- Karnataka | ||
| 650 | _aCities and towns -- India -- Karnataka | ||
| 999 |
_c443256 _d443256 |
||